Признания авантюриста Феликса Круля : (Record no. 476313)
[ view plain ]
| 000 -LEADER | |
|---|---|
| fixed length control field | 01062nam a2200253 a 4500 |
| 001 - CONTROL NUMBER | |
| control field | 000153569 |
| 003 - CONTROL NUMBER IDENTIFIER | |
| control field | AM-YeHGA |
| 005 - DATE AND TIME OF LATEST TRANSACTION | |
| control field | 20250617161726.0 |
| 008 - FIXED-LENGTH DATA ELEMENTS--GENERAL INFORMATION | |
| fixed length control field | 980113s1957 ||||||||||||||||||||rus d |
| 040 ## - CATALOGING SOURCE | |
| Original cataloging agency | AM-YeHGA |
| 041 1# - LANGUAGE CODE | |
| Language code of text/sound track or separate title | rus |
| Language code of original | ger |
| 090 ## - LOCALLY ASSIGNED LC-TYPE CALL NUMBER (OCLC); LOCAL CALL NUMBER (RLIN) | |
| -- | 479604 |
| 100 1# - MAIN ENTRY--PERSONAL NAME | |
| Personal name | Манн, Томас |
| Dates associated with a name | 1875-1955 |
| 245 10 - TITLE STATEMENT | |
| Title | Признания авантюриста Феликса Круля : |
| Remainder of title | Первая часть воспоминаний : Пер. с нем. / |
| Statement of responsibility, etc. | Т. Манн; Пер. с нем. Н. Ман. Под ред. и с предисл. Н.Н. Вильмонта. |
| 246 11 - VARYING FORM OF TITLE | |
| Title proper/short title | Bekentnisse des Hochstaplers Felix Krull. Der Memoiren erster Teil |
| 250 ## - EDITION STATEMENT | |
| Edition statement | 2-е изд. |
| 260 ## - PUBLICATION, DISTRIBUTION, ETC. | |
| Place of publication, distribution, etc. | Москва : |
| Name of publisher, distributor, etc. | Изд-во иностранной литературы, |
| Date of publication, distribution, etc. | 1957. |
| 300 ## - PHYSICAL DESCRIPTION | |
| Extent | 374 с. ; |
| Dimensions | 21см. |
| 650 14 - SUBJECT ADDED ENTRY--TOPICAL TERM | |
| Topical term or geographic name entry element | Немецкая литература |
| 650 14 - SUBJECT ADDED ENTRY--TOPICAL TERM | |
| Topical term or geographic name entry element | Буржуазия в Германии |
| 650 14 - SUBJECT ADDED ENTRY--TOPICAL TERM | |
| Topical term or geographic name entry element | Германия, 20 в. |
| 700 1# - ADDED ENTRY--PERSONAL NAME | |
| Personal name | Ман, Н. |
| Relator term | пер. |
| Relationship | trl |
| 700 1# - ADDED ENTRY--PERSONAL NAME | |
| Personal name | Вильмонт, Н.Н. |
| Relator term | ред. |
| Relationship | edt |
| Withdrawn status | Lost status | Source of classification or shelving scheme | Damaged status | Not for loan | Collection | Home library | Current library | Date acquired | Total checkouts | Full call number | Barcode | Date last seen | Price effective from | Koha item type | Public note |
|---|---|---|---|---|---|---|---|---|---|---|---|---|---|---|---|
| Universal Decimal Classification | General | Fundamental Scientific Library | Fundamental Scientific Library | 08/10/2018 | РД II/8939 | FL0524110 | 08/10/2018 | 08/10/2018 | Գրքեր / Books | 30 Days Loan | |||||
| Universal Decimal Classification | General | Fundamental Scientific Library | Fundamental Scientific Library | 08/10/2018 | РД II/8938 | FL0524111 | 08/10/2018 | 08/10/2018 | Գրքեր / Books | 30 Days Loan | |||||
| Universal Decimal Classification | General | Fundamental Scientific Library | Fundamental Scientific Library | 03/09/2019 | РII/14087 | FL0598248 | 03/09/2019 | 03/09/2019 | Գրքեր / Books | 30 Days Loan |
ՀՀ Գիտությունների ազգային ակադեմիայի հիմնարար գիտական գրադարան = Fundamental Scientific Library of NAS RA
All site content, except where otherwise noted, is licensed under a